<?xml version="1.0" encoding="UTF-8"?>
<collection xmlns="http://www.loc.gov/MARC21/slim">
 <record>
  <leader>01599nam a22002657a 4500</leader>
  <controlfield tag="001">NCT_142416</controlfield>
  <controlfield tag="008">190110b        xxu||||| |||| 00| 0 vie d</controlfield>
  <datafield tag="999" ind1=" " ind2=" ">
   <subfield code="c">7333</subfield>
   <subfield code="d">7333</subfield>
  </datafield>
  <datafield tag="020" ind1=" " ind2=" ">
   <subfield code="a">9786043433456</subfield>
   <subfield code="c">200000</subfield>
  </datafield>
  <datafield tag="082" ind1="0" ind2="4">
   <subfield code="2">23rd ed.</subfield>
   <subfield code="a">657.45</subfield>
   <subfield code="b">K304T</subfield>
  </datafield>
  <datafield tag="245" ind1="0" ind2="0">
   <subfield code="a">Kiểm toán</subfield>
   <subfield code="c">Trần Thị Giang Tân...[et al.]</subfield>
  </datafield>
  <datafield tag="250" ind1=" " ind2=" ">
   <subfield code="a">Tái bản lần thứ 1</subfield>
  </datafield>
  <datafield tag="260" ind1=" " ind2=" ">
   <subfield code="a">Tp. Hồ Chí Minh</subfield>
   <subfield code="b">Lao động</subfield>
   <subfield code="c">2021</subfield>
  </datafield>
  <datafield tag="300" ind1=" " ind2=" ">
   <subfield code="a">654 tr.</subfield>
   <subfield code="b">Bảng</subfield>
   <subfield code="c">27cm</subfield>
  </datafield>
  <datafield tag="500" ind1=" " ind2=" ">
   <subfield code="a">ĐTTS ghi: Trường Đại học Kinh tế TP Hồ Chí Minh. Khoa Kế toán. Bộ môn Kiểm toán</subfield>
  </datafield>
  <datafield tag="520" ind1="3" ind2=" ">
   <subfield code="a">Sách giới thiệu các kiến thức mang tính nguyên lý của hoạt động kiểm toán, với trọng tâm là kiểm toán độc lập. Sách còn tập trung kiến thức thực hành kiểm toán và giới thiệu thêm các hoạt động kiểm toán chuyên biệt.</subfield>
  </datafield>
  <datafield tag="653" ind1=" " ind2=" ">
   <subfield code="a">Kế toán</subfield>
  </datafield>
  <datafield tag="700" ind1="1" ind2=" ">
   <subfield code="a">Trần Thị Giang Tân.</subfield>
   <subfield code="e">Chủ biên</subfield>
  </datafield>
  <datafield tag="700" ind1="1" ind2=" ">
   <subfield code="a">Vũ Hữu Đức</subfield>
   <subfield code="e">Chủ biên</subfield>
  </datafield>
  <datafield tag="700" ind1="1" ind2=" ">
   <subfield code="a">Phạm Thị Ngọc Bích</subfield>
   <subfield code="e">Chủ biên</subfield>
  </datafield>
  <datafield tag="700" ind1="1" ind2=" ">
   <subfield code="a">Võ Anh Dũng</subfield>
   <subfield code="e">Chủ biên</subfield>
  </datafield>
  <datafield tag="942" ind1=" " ind2=" ">
   <subfield code="2">ddc</subfield>
   <subfield code="c">BK</subfield>
  </datafield>
  <datafield tag="952" ind1=" " ind2=" ">
   <subfield code="0">0</subfield>
   <subfield code="1">0</subfield>
   <subfield code="2">ddc</subfield>
   <subfield code="4">0</subfield>
   <subfield code="6">657_450000000000000_K304T</subfield>
   <subfield code="7">0</subfield>
   <subfield code="9">26392</subfield>
   <subfield code="a">000001</subfield>
   <subfield code="b">000001</subfield>
   <subfield code="d">2022-11-03</subfield>
   <subfield code="o">657.45 K304T</subfield>
   <subfield code="p">MD.20840</subfield>
   <subfield code="r">2022-11-03</subfield>
   <subfield code="v">200000.00</subfield>
   <subfield code="w">2022-11-03</subfield>
   <subfield code="y">BK</subfield>
  </datafield>
  <datafield tag="952" ind1=" " ind2=" ">
   <subfield code="0">0</subfield>
   <subfield code="1">0</subfield>
   <subfield code="2">ddc</subfield>
   <subfield code="4">0</subfield>
   <subfield code="6">657_450000000000000_K304T</subfield>
   <subfield code="7">0</subfield>
   <subfield code="9">26393</subfield>
   <subfield code="a">000001</subfield>
   <subfield code="b">000001</subfield>
   <subfield code="d">2022-11-03</subfield>
   <subfield code="l">1</subfield>
   <subfield code="o">657.45 K304T</subfield>
   <subfield code="p">MD.20841</subfield>
   <subfield code="q">2023-05-18</subfield>
   <subfield code="r">2023-04-18</subfield>
   <subfield code="s">2023-04-18</subfield>
   <subfield code="v">200000.00</subfield>
   <subfield code="w">2022-11-03</subfield>
   <subfield code="y">BK</subfield>
  </datafield>
  <datafield tag="980" ind1=" " ind2=" ">
   <subfield code="a">Thư viện Trường Đại học Nam Cần Thơ</subfield>
  </datafield>
 </record>
</collection>
